• 首页
  • 本馆介绍
  • 公告通知
  • 最新文献
  • 馆藏检索
  • 电子资源
  • 读者导购
  • 参考咨询
  • 我的图书馆
  • 登录
  • 详细信息显示
  • 放入我的书架
  • 预约/预借图书
  • 作者相关作品
  • 分类相关作品
  • 丛书相关作品
  • 出版社相关作品

书目信息

  • 表格格式
  • 工作单格式
  • 卡片格式
题名:
当代德育原理研究
    
 
作者: 张吉雄 , 李杨 著
分册:  
出版信息: 北京   光明日报出版社  2022.05
页数: 264页
开本: 24cm
丛书名: 马克思主义研究文库
单 册:
中图分类: G410
科图分类:
主题词: 德育--教育理论
电子资源:
ISBN: 978-7-5194-6567-4
000 00950nam0 2200265 450
001 012001001645
005 20141202162707.0
010    @a978-7-5194-6567-4@b精装@dCNY95.00
100    @a20220905d2022 em y0chiy50 ea
101 0  @achi
102    @aCN@b110000
105    @ay z 000yy
106    @ar
200 1  @a当代德育原理研究@Adang dai de yu yuan li yan jiu@f张吉雄,李杨著
210    @a北京@c光明日报出版社@d2022.05
215    @a264页@d24cm
225 1  @a马克思主义研究文库
300    @a国家社科基金项目:“当代中国马克思主义德育思想研究”
330    @a本书共六章:当代德育原理的奠基、当代德育原理的基本特征、当代德育的核心战略和指导方针、当代德育的根本任务与战略重点、当代德育的基本原则、新时代德育原理的新发展。
606 0  @a德育@x教育理论
690    @aG410@v5
701  0 @a张吉雄@Azhang ji xiong@f(1965.8~)@4著
701  0 @a李杨@Ali yang@c(思想政治教育)@4著
801  0 @aCN@bAHXH@c20221111
905    @b1363587-91@dG410@e105@f5
    
    当代德育原理研究/张吉雄,李杨著.-北京:光明日报出版社,2022.05
    264页;24cm.-(马克思主义研究文库)
    国家社科基金项目:“当代中国马克思主义德育思想研究”
    
    ISBN 978-7-5194-6567-4(精装):CNY95.00
    本书共六章:当代德育原理的奠基、当代德育原理的基本特征、当代德育的核心战略和指导方针、当代德育的根本任务与战略重点、当代德育的基本原则、新时代德育原理的新发展。
●
相关链接 在E读中查询图书 在五车中查询图书 在当当中查询图书 在豆瓣中查询图书


正题名:当代德育原理研究     索取号:G410/105         预约/预借

序号 登录号 条形码 馆藏地/架位号 状态 备注
1 1363587   213635878   第一样本阅览室/ [索取号:G410/105] 在馆    
2 1363588   213635887   教育系资料室/ [索取号:G410/105] 在馆    
3 1363589   213635896   教育系资料室/ [索取号:G410/105] 在馆    
4 1363590   213635903   第四借阅区/ [索取号:G410/105] 在馆    
5 1363591   213635912   第四借阅区/ [索取号:G410/105] 在馆    
唐山师范学院图书馆 欢迎您!
大连网信软件有限公司© 版权所有